000 00310nam a2200121Ia 4500
008 240624s9999 xx 000 0 und d
041 _aeng
082 _a413 OXF
100 _aOXFORD UNIVERSITY
245 _aOXFORD DICTIONARY OF FINANCE AND BANKING
260 _c2005
_aNew York
_bOxford Univ Press
365 _cRS
999 _c4150
_d4150